00430nam a2200181Ia 4500008004100000020001800041245002900059245001800088260001500106260001600121260000900137300001500146300002500161300001000186440002500196500000800221999001900229170705s9999 xx 000 0 und d a9780064440219 aFrog and toad together / cArnold Lobel. aNew York : bScholastic, c1972 a64 pages : bcolor illustration ; c23cm. aReading with help 2. a330 c337298d337298